Countries that start with D - Statistics

General Stats
  • This quiz has been taken 21 times
  • The average score is 4 of 5
Answer Stats
Picture Answer % Correct
Denmark
100%
Djibouti
85%
Dominica
85%
Dominican Republic
85%
Democratic Republic of the Congo
75%
No matching quizzes found
Score Distribution
Percent of People with Each Score
Percentile by Number Answered
Your Score History
You have not taken this quiz